| 000 | 01445nam a22003857a 4500 | ||
|---|---|---|---|
| 001 | BR8200519 | ||
| 003 | BR-BrBNA | ||
| 005 | 20230928091230.0 | ||
| 007 | ta | ||
| 008 | 230509b bl.||||| |||| 00| 0 por d | ||
| 040 |
_aBR-BrBNA _bpor _cBiblioteca Nacional de Agricultura |
||
| 041 | _a(Por) | ||
| 072 |
_aS10; Q10; E10 _b0120 _b9990 _b9210 _b/G514 |
||
| 090 | _ 0120 BR8200519 | ||
| 100 | 1 | _aAlmeida, L.A.S.B. de | |
| 110 | 1 |
_aEscola superior de Agricultura Luiz de Queiroz, Piracicaba, SP (Brasil) _0Tese (Mestre em Economia Agraria) |
|
| 245 | 1 | _aViabilidade economica e localizacao de unidades produtoras de farinha de milho para utilizacao em mistura com o trigo no estado de Sao Paulo [Zea mays; Triticum aestivum; Brasil] | |
| 246 | 1 | _a[Economic feasibility and localization of production units for corn flour for use in mixture with wheat in the state of Sao Paulo [Zea mays; Triticum aestivum; Brazil]] | |
| 260 | 3 |
_aPiracicaba, SP (Brasil): _c1981. |
|
| 300 | _a170 p. | ||
| 500 | _a16 illus.; 34 tables; 35 ref.; Summaries (Eng, Por) | ||
| 650 | _aComposicao de alimento | ||
| 650 | _aTecnologia de alimento | ||
| 650 | _aMacroeconomia | ||
| 650 | _aMilho | ||
| 650 | _aFarinha | ||
| 650 | _aTrigo | ||
| 650 | _aValor nutritivo | ||
| 650 | _aIndustria alimenticia | ||
| 650 | _aCusto de producao | ||
| 650 | _aInvestimento | ||
| 650 | _aSao Paulo | ||
| 909 |
_a202309 _bLucia _c55 _dLucia Elande |
||
| 942 | _cBK | ||
| 999 |
_c32956 _d32956 |
||